00347nam a2200133 a 450000500170000000800410001705000170005810000180007524500460009326000410013944000210018065000060020165000060020720140414131924.0101026s19uu xx 00 eng d aERbSn6 1983 aCollins, Joan aThe snow queen /cretold by Joan Collins. aLoughborough, UK :bLadybird,c1983. aWell-loved tales a  a